000 003220000a22001570004500
003 MACL
040 _aMACL
090 _c7611
_d7610
100 _aAnand, Uma
245 _aLet's do A Play
260 _bNational Book Trust
_c1971
350 _a1.50
650 _aChildren Books
942 _cBOOK
_k528
951 _o528 BOOK
999 _c7563
_d7563